000 02068nam a2200541 i 4500
001 2170
003 KOSZ 005
005 20200630140623.0
008 200630s1977 pl a f 001 0 pol
015 _aUWD 1977/8168
035 _a991018272519705066
035 _a(PL-WaBN)b14953171-48omnis_nlop
035 _ab14953171
035 _a(OCoLC)749468635
035 _a(PL)b0000001495317
035 _a(EXLNZ-48OMNIS_NETWORK)9910043440905606
040 _aWA N
_cWA N
_dKOSZ 005/AR
046 _k1977
080 _a54
080 _a54-16
080 _a539.2
100 1 _aDereń, Jerzy
_d(1925-1975)
_eAutor
245 1 0 _aChemia ciała stałego /
_cJerzy Dereń, Jerzy Haber, Roman Pampuch ; rozdział 6 napisał Edward Goerlich.
250 _aWydanie 1 dodruk.
260 _aWarszawa :
_bPaństwowe Wydawnictwo Naukowe,
_c1977.
300 _a676 s. :
_bilustracje ;
_c25 cm.
336 _aTekst
_btxt
_2rdacontent
337 _aBez urządzenia pośredniczącego
_bn
_2rdamedia
338 _aWolumin
_bnc
_2rdacarrier
380 _aKsiążki
380 _aPublikacje naukowe
380 _aPublikacje fachowe
388 _a1901-2000
388 _a1945-1989
504 _aBibliografia przy rozdziałach i na stronach 654-655. Indeks.
521 _aDla studentów wydziałów chemicznych, metalurgicznych, ceramicznych, inżynierii materiałowej, elektroniki oraz dla pracowników naukowo-badawczych i technicznych zajmujących się zastosowaniem wiedzy o ciałach stałych w najrozmaitszych dziedzinach nauki i techniki.
650 7 _aChemia fizyczna
_2DBN
650 7 _aCiało stałe
_2DBN
655 _aPodręcznik
658 _aChemia
700 1 _aGeorlich, Edward
_eAutor
700 1 _aHaber, Jerzy
_d(1930-2010)
_eAutor
700 1 _aPampuch, Roman
_d(1927-2017)
_eAutor
710 _aPaństwowe Wydawnictwo Naukowe
856 _uhttp://koha.tu.koszalin.pl/cgi-bin/koha/opac-detail.pl?biblionumber=2170
_yKatalog online BPK
942 _2UKD
_cKS
999 _c2170
_d2170